[Event "SVK Extraliga 2019-20"]
[Site "Slovakia"]
[Date "2020.01.18"]
[Round "5.1"]
[White "Matuszewski, Michal"]
[Black "Stocek, Jiri"]
[Result "0-1"]
[WhiteElo "2512"]
[BlackElo "2578"]
[Annotator "TA"]
[PlyCount "62"]
[EventDate "2019.10.19"]
[EventType "team-tourn"]
[EventCountry "SVK"]
[SourceTitle "playchess.com"]
[Source "ChessBase"]
[SourceQuality "1"]
[WhiteTeam "Prakovce "]
[BlackTeam "Košice"]

{[%evp 9,62,0,0,0,15,-1,0,-1,1,-23,-10,-20,-31,-9,-22,-39,-14,-6,0,0,0,-21,10,-20,0,-30,-36,-24,-28,-40,-33,-33,-37,-51,-31,-58,0,-36,-44,-131,-72,-69,-72,-167,-175,-262,-274,-279,-287,-442,-435,-444,-446,-435,-312]} 1. d4 d6 2. Nf3 Nf6 3. Bg5 Nbd7 4. Nbd2 e5 5. e4 exd4 (5... Be7 6. Bd3 h6 7. Bh4 O-O 8. O-O exd4 9. Nxd4 Nc5 10. Re1 Re8 11. Bg3 Bf8 12. h3 g6 13. Bh4 {0-1 (34) Harikrishna,P (2673)-Morozevich,A (2741) Odessa 2007}) 6. Nxd4 {A46: 1 d4 Nf6 2 Nf3 e6: Torre, London and Colle Systems} h6 $146 ({Predecessor:} 6... g6 7. g3 Bg7 8. Bg2 O-O 9. O-O h6 10. Be3 Re8 11. b4 Nb6 12. c3 d5 13. Qc2 dxe4 14. Nxe4 Nxe4 15. Bxe4 {0-1 (31) Pitschka,C (2302)-Wirius,S (2303) Austria 2000}) 7. Bh4 Be7 8. Nf5 {The position is equal.} O-O 9. Be2 Nc5 10. Nxe7+ Qxe7 11. f3 d5 12. O-O Re8 {[%cal Rd5e4]} (12... g5 $5 {[%cal Rg5h4]} 13. Bf2 dxe4 14. Nxe4 Nfxe4 15. fxe4 Nxe4 $11) 13. b4 Na4 14. Qe1 Bd7 15. Bd3 Nc3 16. Qe3 Qd6 17. Rae1 dxe4 18. fxe4 {[#] aiming for Rxf6!} Ng4 $1 $40 {[%csl Gg4][%cal Rd6h2][%mdl 704] Double Attack. Black attacks.} 19. Qg3 Qxg3 20. Bxg3 Ne5 21. a3 Rad8 22. Re3 Nb5 (22... Nxd3 $15 23. cxd3 Bb5) 23. Be2 Nd4 {[%cal Bb5d4,Bd4c2,Bc2e3][%mdl 32]} 24. Bd3 (24. Bxe5 $15 Nxe2+ 25. Rxe2 Rxe5 26. Nf3) 24... Ng4 (24... Nxd3 $142 25. cxd3 Nc2) 25. Ree1 $17 Ba4 26. Bc4 {[#]} (26. Bxc7 $17 Rd7 27. Bg3) 26... Re7 $1 $19 27. c3 {[#]} (27. Bb3 $142 Bxb3 28. cxb3) 27... Nc2 $1 {[%csl LRa3,LRd2,LRe1]} 28. Re2 Nce3 ({Much less strong is} 28... Nxa3 29. Rfe1 $17) 29. Rf4 (29. Rfe1 $142 Bd1 30. Rxe3 Nxe3 31. Rxe3 Rxd2 32. h3) 29... Bd1 {Black is clearly winning.} 30. Rxe3 Nxe3 31. Kf2 g5 {Accuracy: White = 28%, Black = 57%.} ({Not} 31... Rxd2+ 32. Kxe3 Rxg2 33. Rf1 $19) 0-1

[Event "SVK Extraliga 2019-20"]
[Site "Slovakia"]
[Date "2020.01.18"]
[Round "5.1"]
[White "Mazur, Stefan"]
[Black "Babula, Vlastimil"]
[Result "1/2-1/2"]
[WhiteElo "2448"]
[BlackElo "2576"]
[Annotator "TA"]
[PlyCount "154"]
[EventDate "2019.10.19"]
[EventType "team-tourn"]
[EventCountry "SVK"]
[SourceTitle "playchess.com"]
[Source "ChessBase"]
[SourceQuality "1"]
[WhiteTeam "Liptovska"]
[BlackTeam "Snina"]

{[%evp 16,154,20,16,37,28,30,48,40,16,4,18,21,40,63,-1,0,-2,0,0,0,0,0,-46,-28,-125,-131,-143,-11,-71,-67,-69,-63,-211,-205,-195,-30,-48,-14,-14,-16,-49,-37,-27,-21,-20,0,-119,-108,-189,-175,-189,-179,-176,-176,-206,-150,-154,-143,-197,-196,-170,-172,-289,-289,-297,-297,-281,-90,-406,-394,-405,-367,-474,-460,-439,-432,-424,-399,-380,-373,-384,-375,-381,-375,-348,-356,-579,-570,-662,-641,-672,-603,-643,-624,-1319,-1081,-989,-583,-453,0,-634,-256,-450,0,-8,-8,-8,-8,-8,-8,-8,0,0,0,0,0,0,0,0,0,0,0,0,0,0,0,0,0,0,0,0,0,0,0,0,0,0,0,0,0]} 1. e4 c5 2. Nf3 e6 3. d4 cxd4 4. Nxd4 Nc6 5. Nc3 Qc7 6. Be3 a6 7. Bd3 Nf6 8. O-O Ne5 9. Nf3 Nxf3+ {B48: Sicilian: Taimanov: 5 Nc3 Qc7 6 Be3 a6 without Be2} (9... Neg4 10. Bg5 h6 11. Bh4 Bd6 12. Bg3 Bxg3 13. hxg3 O-O 14. Qe2 d6 15. Rae1 b5 16. e5 dxe5 17. Nxe5 Nxe5 18. Qxe5 Qxe5 19. Rxe5 {0-1 (60) Iljiushenok,I (2519)-Rublevsky,S (2683) Sochi 2017}) 10. Qxf3 Bd6 11. Qh3 $146 ({Predecessor:} 11. Kh1 h5 12. Na4 Ng4 13. Nb6 Nxh2 14. Nxa8 Qb8 15. Qd1 Qxa8 16. Re1 Ng4 17. Bd4 {1-0 (62) Van Dooren,D (2355)-Fier,A (2576) Maastricht 2017}) 11... h5 {White is slightly better.} 12. f4 Ng4 13. Kh1 b5 14. e5 Be7 15. Be2 (15. Bd4 $14) 15... Nxe3 $11 16. Qxe3 Bb7 17. Bf3 Rc8 18. Bxb7 Qxb7 19. f5 Rc4 20. Rad1 (20. Rae1 $11 {keeps the balance.}) 20... b4 $1 $17 {[%cal Rb4c3]} 21. Ne2 Rg4 (21... Rxc2 $17 22. Rd2 Rxd2 23. Qxd2 exf5 24. Rxf5 h4) 22. Qf3 (22. Qf2 $1 $11 {remains equal.}) 22... Qxf3 23. gxf3 Rc4 24. Rg1 ({Better is} 24. c3 $15) 24... Rxc2 $19 {[%mdl 64] Double Attack} 25. Nd4 Rc5 $2 (25... Rxb2 $19 26. Rg2 Rxg2 27. Kxg2 Bg5) 26. f4 $1 $11 Rd5 27. Rxg7 d6 28. f6 dxe5 29. fxe5 Bd8 {aiming for ...Bb6.} 30. Rg2 Bc7 31. Rc2 (31. Rc1 $11 Rxd4 32. Rxc7 Rd1+ 33. Rg1 Rxg1+ 34. Kxg1 Rg8+ 35. Kf2) 31... Kd7 $17 32. Rdc1 (32. Rcd2 $17) 32... Bxe5 $19 {[%mdl 64] Double Attack} 33. Nc6 Bd6 (33... Bxf6 34. Nxb4 Rd4 35. a3 $15) 34. Ne7 Rd4 35. Nc8 {Nb6+ would kill now.} e5 36. Nxd6 Rxd6 $17 {[%mdl 4096] Endgame KRR-KRR} 37. Rc5 {[#]} (37. Rc7+ $17 {was called for.} Ke6 38. Rf1) 37... Re8 $1 $19 (37... Rxf6 38. Rxe5 Rf2 39. Rb1 $17) 38. Rc7+ Ke6 39. Rf1 (39. Re1 $142) 39... e4 40. Rc4 e3 {...e2 is the strong threat.} 41. Kg2 Kd5 $2 (41... Rd2+ $19 42. Kf3 Kxf6 43. Rxb4 Re6) 42. Rcf4 $2 {[%mdl 8192]} (42. Rff4 $17 {nothing else works.}) 42... Kc5 43. Rc1+ {[#]} Kb5 $1 44. a3 Rd2+ 45. Kg3 Rxb2 46. axb4 Re5 47. Rd4 e2 48. Re1 Rg5+ 49. Kf3 Rf5+ 50. Ke3 Rxf6 51. Rd5+ $2 (51. Rd7) 51... Kxb4 52. Rxh5 a5 53. Rh8 {If only White now had time for Rb8+....} Rb6 54. h4 {and the idea h5 leaves White hopeful.} a4 55. h5 Re6+ 56. Kd3 Rd6+ 57. Ke3 Re6+ 58. Kd3 $1 Ka3 (58... Rb3+ $142 59. Kc2 Rc6+ 60. Kd2 Rb2+ 61. Ke3 a3) 59. h6 $2 (59. Ra1+ Ra2 60. Re1) 59... Ka2 $2 ({Less strong is} 59... Rb3+ 60. Kc2 $19) (59... Rb7 $19 60. h7 Rd7+ 61. Kc4 Rd1 62. Rxe2 Rxe2) 60. h7 {The position is equal.} Rh6 {White must now prevent ...a3.} 61. Ra8 $1 Rh3+ ({Don't do} 61... Rxh7 62. Rxa4+ Kb3 63. Ra7 $17) 62. Kc4 Rc2+ 63. Kd4 $1 $132 {[%mdl 2048] White has counterplay} Rd2+ 64. Kc4 Rxh7 ({Don't play} 64... Rc2+ 65. Kd4 $17) 65. Kc3 {[%cal Ra8a4]} Rd1 66. Rxa4+ Kb1 67. Rb4+ Kc1 $1 68. Rxe2 {[%csl Gc3][%cal Re2c2]} Rh3+ 69. Kc4 Rh4+ 70. Kc3 {[%csl Gc3][%cal Re2c2]} Rxb4 71. Kxb4 $11 {KR-KR} Rd7 72. Kc5 Kd1 (72... f5 {is more complex.} 73. Rf2 Rf7 74. Kd6 f4 75. Ke6 Rf8) 73. Rf2 Ke1 74. Rf5 Ke2 75. Kc6 Ra7 76. Kd6 Ke3 77. Ke5 Ra5+ {Accuracy: White = 43%, Black = 54%.} 1/2-1/2

[Event "SVK Extraliga 2019-20"]
[Site "Slovakia"]
[Date "2020.01.18"]
[Round "5.1"]
[White "Cernousek, Lukas"]
[Black "Hracek, Zbynek"]
[Result "0-1"]
[WhiteElo "2447"]
[BlackElo "2556"]
[Annotator "ChessBase"]
[PlyCount "84"]
[EventDate "2019.10.19"]
[EventType "team-tourn"]
[EventCountry "SVK"]
[SourceTitle "playchess.com"]
[Source "ChessBase"]
[SourceQuality "1"]
[WhiteTeam "Dubnica"]
[BlackTeam "Zilina"]
[TimeControl "40/5400+30:1800+30"]

1. d4 {[%emt 0:00:00]} Nf6 {[%emt 0:00:00]} 2. c4 {[%emt 0:00:00]} e6 {[%emt 0:00:00]} 3. Nc3 {[%emt 0:00:00]} Bb4 {[%emt 0:00:48]} 4. Qc2 {[%emt 0:00:00]} O-O {[%emt 0:01:28]} 5. Nf3 {[%emt 0:00:00]} c5 {[%emt 0:02:27]} 6. dxc5 {[%emt 0:00:02]} Na6 {[%emt 0:00:02]} 7. g3 {[%emt 0:00:07]} Nxc5 {[%emt 0:00:04]} 8. Bg2 {[%emt 0:00:05]} b6 {[%emt 0:00:03]} 9. O-O {[%emt 0:00:25]} Bb7 {[%emt 0:00:03]} 10. Nb5 {[%emt 0:00:13]} Be4 {[%emt 0:00:05]} 11. Qd1 {[%emt 0:00:05]} Nb7 {[%emt 0:00:03]} 12. a3 {[%emt 0:01:34]} Be7 {[%emt 0:00:07]} 13. Bf4 {[%emt 0:02:24]} Qc8 {[%emt 0:11:23]} 14. Rc1 {[%emt 0:12:11]} a6 {[%emt 0:00:42]} 15. Nc3 {[%emt 0:00:29]} Bc6 {[%emt 0:00:31]} 16. b4 {[%emt 0:12:44]} a5 {[%emt 0:07:09]} 17. Qb3 {[%emt 0:00:34]} axb4 {[%emt 0:08:44]} 18. axb4 {[%emt 0:00:01]} Bd6 {[%emt 0:04:15]} 19. Be3 {[%emt 0:11:56]} Qd8 {[%emt 0:03:20]} 20. Rfd1 {[%emt 0:15:31]} Qe7 {[%emt 0:07:23]} 21. Rb1 {[%emt 0:00:49]} Bc7 {[%emt 0:03:20]} 22. Nd4 {[%emt 0:05:19]} Bxg2 {[%emt 0:01:16]} 23. Kxg2 {[%emt 0:00:01]} Rfc8 {[%emt 0:11:33]} 24. Ndb5 {[%emt 0:02:11]} Bd8 {[%emt 0:00:52]} 25. Bf4 {[%emt 0:06:50]} Nh5 {[%emt 0:05:37]} 26. Be5 {[%emt 0:06:44]} f6 {[%emt 0:01:01]} 27. Bd6 {[%emt 0:00:38]} Nxd6 {[%emt 0:00:33]} 28. Nxd6 {[%emt 0:00:08]} Rcb8 {[%emt 0:02:45]} 29. Ncb5 {[%emt 0:01:31]} f5 {[%emt 0:00:38]} 30. Ra1 {[%emt 0:08:43]} Nf6 {[%emt 0:01:31]} 31. Qf3 {[%emt 0:07:26]} Rxa1 {[%emt 0:00:09]} 32. Rxa1 {[%emt 0:00:01]} Qf8 {[%emt 0:01:34]} 33. Ra7 {[%emt 0:02:18]} Be7 {[%emt 0:00:51]} 34. Qd3 {[%emt 0:00:42]} Ra8 {[%emt 0:14:06]} 35. Rb7 {[%emt 0:02:23]} Rb8 {[%emt 0:00:09]} 36. Ra7 {[%emt 0:00:06]} Ra8 {[%emt 0:00:05]} 37. Rb7 {[%emt 0:00:05]} Rb8 {[%emt 0:00:07]} 38. Rc7 {[%emt 0:01:27]} Qd8 {[%emt 0:02:19]} 39. Nb7 {[%emt 0:02:21]} Qf8 {[%emt 0:01:05]} 40. N7d6 {[%emt 0:00:44]} Qd8 {[%emt 0:02:04]} 41. Nb7 {[%emt 0:15:05]} Qf8 {[%emt 0:00:11]} 42. N5d6 {[%emt 0:02:34]} h6 {[%emt 0:16:14]} 0-1

[Event "SVK Extraliga 2019-20"]
[Site "Slovakia"]
[Date "2020.01.18"]
[Round "5.1"]
[White "Sahidi, Samir"]
[Black "Petenyi, Tamas"]
[Result "1/2-1/2"]
[WhiteElo "2396"]
[BlackElo "2428"]
[Annotator "ChessBase"]
[PlyCount "88"]
[EventDate "2019.10.19"]
[EventType "team-tourn"]
[EventCountry "SVK"]
[SourceTitle "playchess.com"]
[Source "ChessBase"]
[SourceQuality "1"]
[WhiteTeam "Bratislava"]
[BlackTeam "Streda"]
[TimeControl "40/5400+30:1800+30"]

1. e4 {[%emt 0:00:00]} g6 {[%emt 0:00:32]} 2. Nf3 {[%emt 0:01:33]} Bg7 {[%emt 0:00:09]} 3. d4 {[%emt 0:00:51]} c6 {[%emt 0:01:27]} 4. Bd3 {[%emt 0:02:22]} d6 {[%emt 0:00:40]} 5. O-O {[%emt 0:02:35]} Nf6 {[%emt 0:00:54]} 6. e5 {[%emt 0:06:02]} dxe5 {[%emt 0:02:34]} 7. dxe5 {[%emt 0:01:12]} Nd5 {[%emt 0:00:26]} 8. h3 {[%emt 0:11:39]} O-O {[%emt 0:01:06]} 9. a3 {[%emt 0:02:10]} Nd7 {[%emt 0:06:34]} 10. Re1 {[%emt 0:02:27]} Nc5 {[%emt 0:01:37]} 11. Bf1 {[%emt 0:02:50]} b5 {[%emt 0:06:17]} 12. b3 {[%emt 0:09:23]} Rb8 {[%emt 0:04:01]} 13. Bb2 {[%emt 0:01:16]} Qc7 {[%emt 0:11:40]} 14. Nc3 {[%emt 0:02:08]} Nxc3 {[%emt 0:07:13]} 15. Bxc3 {[%emt 0:00:11]} Rd8 {[%emt 0:01:31]} 16. Qc1 {[%emt 0:00:27]} Ne6 {[%emt 0:01:31]} 17. Qe3 {[%emt 0:05:22]} c5 {[%emt 0:05:09]} 18. a4 {[%emt 0:04:39]} b4 {[%emt 0:01:57]} 19. Bb2 {[%emt 0:00:06]} Bb7 {[%emt 0:00:21]} 20. Bc4 {[%emt 0:01:58]} Bd5 {[%emt 0:05:42]} 21. Nd2 {[%emt 0:02:04]} Qc6 {[%emt 0:01:26]} 22. Bxd5 {[%emt 0:00:50]} Rxd5 {[%emt 0:00:43]} 23. Nc4 {[%emt 0:00:07]} Rbd8 {[%emt 0:00:59]} 24. Qf3 {[%emt 0:01:49]} Ng5 {[%emt 0:06:16]} 25. Qe2 {[%emt 0:04:48]} Ne6 {[%emt 0:01:19]} 26. Kh2 {[%emt 0:04:32]} R5d7 {[%emt 0:02:56]} 27. Qe4 {[%emt 0:02:51]} Qc7 {[%emt 0:01:49]} 28. f4 {[%emt 0:01:39]} Qb7 {[%emt 0:04:45]} 29. Qxb7 {[%emt 0:02:11]} Rxb7 {[%emt 0:00:01]} 30. Re4 {[%emt 0:02:07]} Rbd7 {[%emt 0:00:39]} 31. Rae1 {[%emt 0:01:10]} h5 {[%emt 0:09:56]} 32. Kg3 {[%emt 0:03:54]} Bh6 {[%emt 0:01:28]} 33. Kf3 {[%emt 0:02:37]} h4 {[%emt 0:00:43]} 34. Kg4 {[%emt 0:02:37]} Rd1 {[%emt 0:02:00]} 35. Bc1 {[%emt 0:04:01]} Rxe1 {[%emt 0:04:50]} 36. Rxe1 {[%emt 0:00:06]} Bxf4 {[%emt 0:00:49]} 37. Bxf4 {[%emt 0:00:48]} Rd4 {[%emt 0:00:04]} 38. Kxh4 {[%emt 0:00:55]} Rxf4+ {[%emt 0:01:36]} 39. Kg3 {[%emt 0:00:07]} Rf5 {[%emt 0:00:47]} 40. Re4 {[%emt 0:01:47]} Rf1 {[%emt 0:04:11]} 41. Ne3 {[%emt 0:31:19]} Rc1 {[%emt 0:02:42]} 42. Rc4 {[%emt 0:00:00]} Kf8 {[%emt 0:06:22]} 43. Kf2 {[%emt 0:00:00]} Ke8 {[%emt 0:00:33]} 44. h4 {[%emt 0:00:00]} Kd7 {[%emt 0:01:45]} 1/2-1/2

[Event "SVK Extraliga 2019-20"]
[Site "Slovakia"]
[Date "2020.01.18"]
[Round "5.2"]
[White "Markos, Jan"]
[Black "Rojicek, Vojtech"]
[Result "1/2-1/2"]
[WhiteElo "2571"]
[BlackElo "2383"]
[Annotator "TA"]
[PlyCount "48"]
[EventDate "2019.10.19"]
[EventType "team-tourn"]
[EventCountry "SVK"]
[SourceTitle "playchess.com"]
[Source "ChessBase"]
[SourceQuality "1"]
[WhiteTeam "Snina"]
[BlackTeam "Liptovska"]

{[%evp 27,48,23,39,13,11,0,12,4,22,-17,-6,-17,-12,0,-28,-48,-10,-1,0,-39,0,-18,20]} 1. d4 Nf6 2. c4 d6 3. Nf3 g6 4. Nc3 Nbd7 5. g3 Bg7 6. Bg2 O-O 7. O-O e5 8. e4 exd4 9. Nxd4 Re8 10. h3 Nc5 11. Re1 a5 {[%cal Ba7a5,Ba5a4][%mdl 32]} 12. Bf4 Nfd7 13. Be3 c6 14. b3 Ne5 15. Qe2 $146 {E68: King's Indian: Fianchetto: 6...Nbd7 7 0-0 e5 8 e4} ({Predecessor:} 15. Bf1 a4 16. b4 Ne6 17. Kg2 Nxd4 18. Bxd4 c5 19. bxc5 dxc5 20. Bxe5 Qxd1 21. Raxd1 Bxe5 22. Nb5 g5 {½-½ (34) Oussedik,M (2440)-Douissa,O (2248) Hammamet 2019}) 15... a4 16. Rad1 Qa5 17. Qc2 Qb4 18. f4 Ned7 19. Rb1 axb3 20. axb3 Ra3 21. Na2 Qb6 22. Nc1 Qb4 23. Na2 Qb6 24. Nc1 Qb4 1/2-1/2

[Event "SVK Extraliga 2019-20"]
[Site "Slovakia"]
[Date "2020.01.18"]
[Round "5.2"]
[White "Vetoshko, Volodymyr"]
[Black "Zilka, Stepan"]
[Result "1/2-1/2"]
[WhiteElo "2502"]
[BlackElo "2546"]
[Annotator "ChessBase"]
[PlyCount "192"]
[EventDate "2019.10.19"]
[EventType "team-tourn"]
[EventCountry "SVK"]
[SourceTitle "playchess.com"]
[Source "ChessBase"]
[SourceQuality "1"]
[WhiteTeam "Košice"]
[BlackTeam "Prakovce"]
[TimeControl "40/5400+30:1800+30"]

1. Nf3 {[%emt 0:00:00]} d5 {[%emt 0:00:00]} 2. g3 {[%emt 0:00:08]} c6 {[%emt 0:00:00]} 3. Bg2 {[%emt 0:00:23]} Nf6 {[%emt 0:00:06]} 4. O-O {[%emt 0:00:21]} Bf5 {[%emt 0:00:07]} 5. d3 {[%emt 0:05:10]} h6 {[%emt 0:03:33]} 6. c4 {[%emt 0:09:30]} dxc4 {[%emt 0:02:16]} 7. dxc4 {[%emt 0:01:18]} Qxd1 {[%emt 0:00:07]} 8. Rxd1 {[%emt 0:00:04]} Bc2 {[%emt 0:00:37]} 9. Re1 {[%emt 0:07:12]} Bh7 {[%emt 0:08:43]} 10. Nc3 {[%emt 0:03:13]} Nbd7 {[%emt 0:05:00]} 11. b4 {[%emt 0:04:18]} e6 {[%emt 0:05:39]} 12. a3 {[%emt 0:02:05]} a5 {[%emt 0:03:07]} 13. b5 {[%emt 0:21:05]} Bc5 {[%emt 0:00:04]} 14. Nd2 {[%emt 0:04:12]} Ng4 {[%emt 0:13:10]} 15. Nce4 {[%emt 0:15:18]} Be7 {[%emt 0:06:20]} 16. Bb2 {[%emt 0:01:53]} f5 {[%emt 0:04:46]} 17. Nc3 {[%emt 0:05:20]} Nge5 {[%emt 0:05:54]} 18. Na4 {[%emt 0:02:59]} O-O {[%emt 0:07:12]} 19. Rac1 {[%emt 0:02:01]} f4 {[%emt 0:02:18]} 20. Nf3 {[%emt 0:04:15]} Nxf3+ {[%emt 0:09:40]} 21. Bxf3 {[%emt 0:00:01]} fxg3 {[%emt 0:02:44]} 22. hxg3 {[%emt 0:00:01]} Nc5 {[%emt 0:00:17]} 23. Nxc5 {[%emt 0:03:55]} Bxc5 {[%emt 0:00:05]} 24. Rcd1 {[%emt 0:01:54]} Rad8 {[%emt 0:01:42]} 25. Rxd8 {[%emt 0:00:44]} Rxd8 {[%emt 0:00:05]} 26. bxc6 {[%emt 0:00:05]} bxc6 {[%emt 0:00:03]} 27. Bxc6 {[%emt 0:00:16]} Bc2 {[%emt 0:06:14]} 28. Rc1 {[%emt 0:03:24]} Bb3 {[%emt 0:00:12]} 29. Rc3 {[%emt 0:00:42]} a4 {[%emt 0:03:51]} 30. Rd3 {[%emt 0:00:08]} Rb8 {[%emt 0:00:25]} 31. Rd7 {[%emt 0:02:46]} Bf8 {[%emt 0:00:48]} 32. Bb5 {[%emt 0:00:44]} Rc8 {[%emt 0:02:59]} 33. Ra7 {[%emt 0:00:22]} Bxc4 {[%emt 0:00:34]} 34. Bxa4 {[%emt 0:00:09]} Rb8 {[%emt 0:00:35]} 35. Be5 {[%emt 0:00:59]} Rb1+ {[%emt 0:00:35]} 36. Kg2 {[%emt 0:00:07]} Bxe2 {[%emt 0:01:38]} 37. Bc6 {[%emt 0:00:24]} Bf1+ {[%emt 0:02:00]} 38. Kh2 {[%emt 0:00:22]} Re1 {[%emt 0:00:29]} 39. Bd4 {[%emt 0:00:40]} e5 {[%emt 0:02:44]} 40. Bd5+ {[%emt 0:00:58]} Kh7 {[%emt 0:00:53]} 41. Bc3 {[%emt 0:07:48]} Re2 {[%emt 0:01:27]} 42. Kg1 {[%emt 0:13:26]} Bh3 {[%emt 0:00:56]} 43. Rf7 {[%emt 0:04:19]} Bc5 {[%emt 0:03:51]} 44. Bc4 {[%emt 0:01:16]} Rc2 {[%emt 0:00:52]} 45. Bd3+ {[%emt 0:02:33]} Kg8 {[%emt 0:00:08]} 46. Rxg7+ {[%emt 0:01:17]} Kxg7 {[%emt 0:00:04]} 47. Bxe5+ {[%emt 0:00:23]} Kf7 {[%emt 0:01:49]} 48. Bxc2 {[%emt 0:00:01]} Bxa3 {[%emt 0:00:07]} 49. Bd4 {[%emt 0:01:02]} h5 {[%emt 0:01:31]} 50. Be4 {[%emt 0:00:07]} Be7 {[%emt 0:00:55]} 51. Kh2 {[%emt 0:01:09]} Be6 {[%emt 0:00:56]} 52. f3 {[%emt 0:01:35]} Bd6 {[%emt 0:00:26]} 53. Kg2 {[%emt 0:00:05]} Bc7 {[%emt 0:00:22]} 54. Kf2 {[%emt 0:00:11]} Bd6 {[%emt 0:00:05]} 55. Be3 {[%emt 0:00:35]} Kf6 {[%emt 0:01:42]} 56. Bc6 {[%emt 0:00:02]} Kf7 {[%emt 0:00:58]} 57. Bg5 {[%emt 0:00:10]} Bc5+ {[%emt 0:00:32]} 58. Kg2 {[%emt 0:00:36]} Bd4 {[%emt 0:00:58]} 59. Be4 {[%emt 0:00:17]} Kg7 {[%emt 0:00:24]} 60. Bd2 {[%emt 0:00:12]} Kf6 {[%emt 0:01:03]} 61. Ba5 {[%emt 0:00:22]} Bf5 {[%emt 0:05:05]} 62. Bd8+ {[%emt 0:00:21]} Kg6 {[%emt 0:00:06]} 63. Bc6 {[%emt 0:00:13]} Kg7 {[%emt 0:00:12]} 64. Be8 {[%emt 0:00:46]} Bg6 {[%emt 0:00:08]} 65. Bd7 {[%emt 0:00:01]} Bf6 {[%emt 0:04:45]} 66. Bxf6+ {[%emt 0:00:30]} Kxf6 {[%emt 0:00:04]} 67. Kh3 {[%emt 0:00:13]} Kg7 {[%emt 0:00:16]} 68. Kh4 {[%emt 0:00:30]} Kh6 {[%emt 0:00:04]} 69. Bb5 {[%emt 0:02:25]} Bf7 {[%emt 0:00:21]} 70. Be2 {[%emt 0:00:41]} Bg6 {[%emt 0:00:13]} 71. f4 {[%emt 0:00:24]} Be8 {[%emt 0:00:34]} 72. Bc4 {[%emt 0:00:55]} Bd7 {[%emt 0:00:24]} 73. Be2 {[%emt 0:00:14]} Be8 {[%emt 0:00:04]} 74. f5 {[%emt 0:00:19]} Bd7 {[%emt 0:02:13]} 75. Bd3 {[%emt 0:00:02]} Bc8 {[%emt 0:00:58]} 76. Be4 {[%emt 0:01:48]} Bd7 {[%emt 0:00:10]} 77. f6 {[%emt 0:00:06]} Be6 {[%emt 0:03:24]} 78. Bd3 {[%emt 0:00:09]} Bd5 {[%emt 0:01:20]} 79. Bf5 {[%emt 0:00:12]} Bc4 {[%emt 0:00:19]} 80. g4 {[%emt 0:00:44]} hxg4 {[%emt 0:00:06]} 81. Kxg4 {[%emt 0:00:01]} Bf7 {[%emt 0:00:21]} 82. Kf4 {[%emt 0:00:27]} Kh5 {[%emt 0:02:07]} 83. Bd3 {[%emt 0:00:57]} Kh6 {[%emt 0:00:07]} 84. Ke5 {[%emt 0:01:14]} Kg5 {[%emt 0:01:13]} 85. Bf5 {[%emt 0:00:08]} Bh5 {[%emt 0:02:49]} 86. Ke6 {[%emt 0:00:17]} Kf4 {[%emt 0:00:50]} 87. Bd3 {[%emt 0:00:40]} Bg4+ {[%emt 0:00:20]} 88. Ke7 {[%emt 0:01:05]} Bh5 {[%emt 0:00:04]} 89. Ke6 {[%emt 0:01:21]} Bg4+ {[%emt 0:01:40]} 90. Kf7 {[%emt 0:00:04]} Bf3 {[%emt 0:01:19]} 91. Bc4 {[%emt 0:01:02]} Bh5+ {[%emt 0:00:20]} 92. Ke7 {[%emt 0:00:46]} Ke5 {[%emt 0:00:09]} 93. Be2 {[%emt 0:00:13]} Bg6 {[%emt 0:00:08]} 94. Bg4 {[%emt 0:00:09]} Be8 {[%emt 0:00:06]} 95. Be6 {[%emt 0:00:13]} Bh5 {[%emt 0:00:05]} 96. Bf7 {[%emt 0:00:29]} Be2 {[%emt 0:00:06]} 1/2-1/2

[Event "SVK Extraliga 2019-20"]
[Site "Slovakia"]
[Date "2020.01.18"]
[Round "5.2"]
[White "Gazik, Viktor"]
[Black "Antal, Gergely"]
[Result "1-0"]
[WhiteElo "2501"]
[BlackElo "2563"]
[Annotator "ChessBase"]
[PlyCount "77"]
[EventDate "2019.10.19"]
[EventType "team-tourn"]
[EventCountry "SVK"]
[SourceTitle "playchess.com"]
[Source "ChessBase"]
[SourceQuality "1"]
[WhiteTeam "Podhajska"]
[BlackTeam "Slovan"]
[TimeControl "40/5400+30:1800+30"]

1. e4 {[%emt 0:00:00]} c6 {[%emt 0:00:00]} 2. Nc3 {[%emt 0:00:00]} d5 {[%emt 0:00:07]} 3. Nf3 {[%emt 0:00:00]} dxe4 {[%emt 0:00:50]} 4. Nxe4 {[%emt 0:00:00]} Nf6 {[%emt 0:00:03]} 5. Qe2 {[%emt 0:01:02]} Nxe4 {[%emt 0:00:08]} 6. Qxe4 {[%emt 0:00:08]} Nd7 {[%emt 0:02:24]} 7. Bc4 {[%emt 0:01:30]} Nf6 {[%emt 0:00:12]} 8. Ne5 {[%emt 0:12:41]} e6 {[%emt 0:01:20]} 9. Qe2 {[%emt 0:00:49]} b5 {[%emt 0:05:06]} 10. Nxc6 {[%emt 0:14:11]} Qc7 {[%emt 0:10:44]} 11. Bd3 {[%emt 0:02:43]} a6 {[%emt 0:01:21]} 12. Ne5 {[%emt 0:15:56]} Bd6 {[%emt 0:00:16]} 13. Ng4 {[%emt 0:00:51]} Nxg4 {[%emt 0:12:18]} 14. Qxg4 {[%emt 0:00:06]} f5 {[%emt 0:00:11]} 15. Qh5+ {[%emt 0:14:31]} g6 {[%emt 0:00:06]} 16. Qh3 {[%emt 0:01:14]} e5 {[%emt 0:07:05]} 17. a4 {[%emt 0:02:43]} e4 {[%emt 0:10:31]} 18. Be2 {[%emt 0:01:16]} b4 {[%emt 0:00:14]} 19. d3 {[%emt 0:14:18]} Qxc2 {[%emt 0:04:25]} 20. dxe4 {[%emt 0:06:04]} Qxe4 {[%emt 0:05:21]} 21. Bh6 {[%emt 0:06:18]} Kf7 {[%emt 0:08:58]} 22. Rd1 {[%emt 0:00:02]} f4 {[%emt 0:01:46]} 23. Qf3 {[%emt 0:01:20]} Qxf3 {[%emt 0:03:12]} 24. Bxf3 {[%emt 0:00:01]} Re8+ {[%emt 0:00:06]} 25. Kf1 {[%emt 0:00:03]} Be6 {[%emt 0:00:17]} 26. Bxa8 {[%emt 0:00:23]} Bc4+ {[%emt 0:00:05]} 27. Kg1 {[%emt 0:00:01]} Bb3 {[%emt 0:00:05]} 28. Bd5+ {[%emt 0:00:30]} Bxd5 {[%emt 0:00:03]} 29. h4 {[%emt 0:00:04]} Ke6 {[%emt 0:09:36]} 30. Kh2 {[%emt 0:00:55]} f3+ {[%emt 0:00:04]} 31. g3 {[%emt 0:00:04]} Bc4 {[%emt 0:00:05]} 32. Rd4 {[%emt 0:01:29]} Be2 {[%emt 0:00:04]} 33. Rc1 {[%emt 0:00:10]} Be5 {[%emt 0:04:26]} 34. Rc6+ {[%emt 0:00:26]} Kf7 {[%emt 0:00:15]} 35. Rxb4 {[%emt 0:00:22]} Re7 {[%emt 0:04:03]} 36. Bg5 {[%emt 0:03:23]} Rd7 {[%emt 0:00:46]} 37. Re4 {[%emt 0:02:09]} Bxb2 {[%emt 0:01:49]} 38. Rf4+ {[%emt 0:00:01]} Kg7 {[%emt 0:00:31]} 39. h5 {[%emt 0:00:02]} 1-0